General topology II : compactness, homologies of general spaces

Αποθηκεύτηκε σε:
Λεπτομέρειες βιβλιογραφικής εγγραφής
Άλλοι συγγραφείς: Arkhangelskii, A. V. (Επιμελητής έκδοσης)
Μορφή: Βιβλίο
Γλώσσα:English
Δημοσίευση: Berlin ; Heidelberg : Springer, c1996
Σειρά:Encyclopaedia of mathematical sciences ; ; 50
Θέματα:
Ετικέτες: Προσθήκη ετικέτας
Δεν υπάρχουν, Καταχωρήστε ετικέτα πρώτοι!

MARC

LEADER 00000nam a2200000 i 4500
001 1/80782
008 990513s1996 eng d
020 |a 3-540-54695-2 
035 |l 10050724 
040 |a GR-MY-UA  |b gre  |e aacr 
041 0 |a eng 
082 0 |a 514.322 
245 1 0 |a General topology II :  |b compactness, homologies of general spaces /  |c A. V. Arhangel'skii (ed.) 
246 3 3 |a Compactness, homologies of general spaces 
260 |a Berlin ; Heidelberg :   |b Springer,   |c c1996 
300 |a 256 p.;  |c 24 cm. 
490 1 |a Encyclopaedia of mathematical sciences  |v ; 50 
500 |a Includes bibliographical references and indexes 
650 0 0 |a Topology. 
650 0 0 |a Dimension theory (Topology) 
700 1 |a Arkhangelskii, A. V.  |4 edt 
830 0 |a Encyclopaedia of mathematical sciences ;  |v ; 50 
852 |a INST  |b SAMOS  |e 19990513  |h 514.322 GEN  |p 005300014698  |q 005300014698  |t BK  |y 0 
852 |a INST  |b SAMOS  |e 19991109  |h 514.322 GEN  |p 005300017158  |q 005300017158  |t BK  |y 0 
852 |a INST  |b SAMOS  |e 20000914  |h 514.322 GEN  |p 005300018933  |q 005300018933  |t BK  |y 0 
901 |a BIBL3-2000-3 
901 |a BIBL3-1999-3 
909 |a Σ  |b 079595 
909 |a Σ  |b 064457 
909 |a Σ  |b 067195 
922 |a 3ΕΛΗ  |b 200006  |c ΕΠΕΑΕΚ/ΜΑΘ  |d LEADER 
922 |a 3ΕΛΗ  |b 199902  |c ΚΠΣ  |d GLORY 
922 |a 3ΕΛΗ  |b 199909  |c ΕΠΕΑΕΚ/ΜΑΘ  |d ΠΑΠΑΣΩΤΗΡΙΟΥ 
970 |a ΓΕΝΟΥΖΟΥ  |b ΧΡΥΣΑΝΘΗ  |z 1999/11/09